Microbial biotechnology for bioenergy (Record no. 3908)

MARC details
000 -LEADER
fixed length control field 00388nam a22001457a 4500
008 - FIXED-LENGTH DATA ELEMENTS--GENERAL INFORMATION
fixed length control field 250620b |||||||| |||| 00| 0 eng d
020 ## - INTERNATIONAL STANDARD BOOK NUMBER
ISBN 9780443141126
100 ## - MAIN ENTRY--AUTHOR
Author Maddela Raju Naga
245 ## - TITLE STATEMENT
Title Microbial biotechnology for bioenergy
260 ## - PUBLICATION, DISTRIBUTION, ETC. (IMPRINT)
Place of publication Cambridge
Name of publisher Elsevier
Date of publication 2024
300 ## - COLLATION
Pagination xvi, 469p.
Other physical details ill
650 ## - TRACINGS
Main Subject bioelectric energy sources
942 ## - ADDED ENTRY ELEMENTS (KOHA)
Item type Books
050 ## - LIBRARY OF CONGRESS CALL NUMBER
Classification number QP517
Item number .M33
Holdings
Source of classification or shelving scheme Not for loan Permanent location Current location Date acquired Accession No. Full call number Barcode. Koha item type
Library of Congress Classification   Environmental Sciences Library Environmental Sciences Library 06/20/2025 2025/65006 QP517.M33 2025-2595 Books